000 00487nam a2200145 a 4500
001 000033042
005 20200930070006.0
008 110808s1948 dr 000 0 spa d
040 _aDO-SdBNP
_bspa
_cBNPHU
245 0 0 _aVoces de ayer y de hoy :
_brecopilaciones, discursos, comentarios de prensa acerca de una labor trujillista /
_cLuis Tucidides Feliz F.
260 _aCiudad Trujillo,
_c1948.
300 _a38 p. ;
_c23 cm.
700 1 _aFeliz F., Luis Tucidides
_958741
049 _aBNPD
999 _c32533
_d32533